| 000 | 01303nam a22002897a 4500 | ||
|---|---|---|---|
| 003 | OSt | ||
| 005 | 20230201090405.0 | ||
| 007 | cr ||||||a|c|a | ||
| 008 | 230131s2021 mx a|||fom||| 001 0 spa d | ||
| 040 | _erda | ||
| 100 | 1 |
_9185992 _aLópez Francisco, Roxana |
|
| 245 | 1 |
_aNueva ruralidad neoliberal y fragmentación cultural Totonaca : _bcaso de estudio : Zongozotla, Puebla / _cpor Roxana López Francisco; director de tesis Guillermo Arturo Torres Carral. |
|
| 264 | 1 |
_aChapingo, México : _bEl autor, _c2021. |
|
| 300 |
_a1 recurso en línea (140 páginas). _bcuadros, figuras, gráficas. |
||
| 336 |
_2rdacontent _atexto _btxt |
||
| 337 |
_2rdamedia _acomputadora _bc |
||
| 338 |
_2rdacarrier _arecurso en línea _bcr |
||
| 502 |
_bMCSR _cSociología _d2021. _gMAE |
||
| 504 | _aIncluye referencias bibliográficas: páginas 60-78, 94-96, 116-118. | ||
| 650 | 4 |
_9128225 _aTotonacas _xVida social y costumbres |
|
| 650 | 4 |
_9128226 _aTotonacas _xOrganización social |
|
| 650 | 4 |
_9186139 _aNeoliberalismo _zPuebla |
|
| 650 | 4 |
_9132577 _aGlobalización _xAspectos sociales |
|
| 700 | 1 |
_9137938 _aTorres Carral, Guillermo Arturo _eDirector de tesis. |
|
| 856 |
_uhttp://10.13.5.2/tesis/tm/2021_SR_Lopez_Francisco_Roxana.pdf _zDESCARGAR PDF |
||
| 942 |
_2Clasificación Universidad Autónoma Chapingo _cTD |
||
| 999 |
_c218186 _d218186 |
||